[Event "SVK-chT2A 2223"]
[Site "Slovakia"]
[Date "2023.03.25"]
[Round "10.1"]
[White "Biro, Karol"]
[Black "Jancovic, Peter"]
[Result "0-1"]
[WhiteElo "2016"]
[BlackElo "2314"]
[PlyCount "60"]
[EventDate "2022.10.08"]
[EventType "team-tourn"]
[EventRounds "11"]
[EventCountry "SVK"]
[SourceTitle "EXT 2024"]
[Source "ChessBase"]
[SourceDate "2023.10.10"]
[SourceVersion "1"]
[SourceVersionDate "2023.10.10"]
[SourceQuality "1"]
[WhiteTeam "Krasnany"]
[BlackTeam "Piestany Kupele"]
[WhiteTeamCountry "SVK"]
[BlackTeamCountry "SVK"]

1. d4 Nf6 2. Nf3 e6 3. c4 c5 4. Nc3 d5 5. dxc5 Bxc5 6. e3 0-0 7. a3 b6 8. cxd5 exd5 9. Be2 Bb7 10. Nb5 Nbd7 11. b4 Be7 12. Bb2 a5 13. bxa5 Rxa5 14. Bc3 Ra8 15. 0-0 Ne4 16. Bb4 Ndc5 17. Nfd4 g6 18. Rc1 Qd7 19. Rc2 Rfc8 20. Qb1 Ba6 21. Rfc1 Bf8 22. Qa2 h5 23. Bf1 h4 24. h3 Bb7 25. Nc3 Qd8 26. Nxe4 dxe4 27. Bc4 Rc7 28. Rd2 Nd3 29. Rxd3 exd3 30. Qb3 Qg5 0-1

[Event "SVK-chT2A 2223"]
[Site "Slovakia"]
[Date "2023.01.15"]
[Round "7.1"]
[White "Sekera, Branislav"]
[Black "Jancovic, Peter"]
[Result "0-1"]
[WhiteElo "2051"]
[BlackElo "2314"]
[PlyCount "82"]
[EventDate "2022.10.08"]
[EventType "team-tourn"]
[EventRounds "11"]
[EventCountry "SVK"]
[SourceTitle "EXT 2024"]
[Source "ChessBase"]
[SourceDate "2023.10.10"]
[SourceVersion "1"]
[SourceVersionDate "2023.10.10"]
[SourceQuality "1"]
[WhiteTeam "Modranka Komplet"]
[BlackTeam "Piestany Kupele"]
[WhiteTeamCountry "SVK"]
[BlackTeamCountry "SVK"]

1. d4 Nf6 2. Nf3 e6 3. c4 b6 4. Bg5 h6 5. Bh4 Bb7 6. e3 Be7 7. Bd3 0-0 8. 0-0 d5 9. Nc3 Nbd7 10. Rc1 a6 11. cxd5 exd5 12. Qe2 Re8 13. Bb1 Ne4 14. Bxe7 Qxe7 15. Qc2 Rac8 16. Qb3 Qd6 17. Rfd1 Re6 18. a4 Rf6 19. a5 Rb8 20. Qa2 Nf8 21. axb6 cxb6 22. Nxe4 dxe4 23. Ne5 Ng6 24. Nxg6 Rxg6 25. Bc2 Qf6 26. Qc4 Qf3 27. g3 Rc8 28. Qf1 Bd5 29. Ba4 Rd8 30. Qxa6 h5 31. Rd2 h4 32. Bd1 Qf5 33. Qe2 Be6 34. Qh5 Qh3 35. Qe5 Rd5 36. Qb8+ Kh7 37. Bc2 Rg4 38. Bd1 Rdg5 39. Bxg4 Bxg4 40. f3 Bxf3 41. Rc8 Rxg3+ 0-1

[Event "SVK-chT2A 2223"]
[Site "Slovakia"]
[Date "2022.11.13"]
[Round "4.1"]
[White "Jancovic, Peter"]
[Black "Sahidi, Samir"]
[Result "0-1"]
[WhiteElo "2310"]
[BlackElo "2475"]
[PlyCount "70"]
[EventDate "2022.10.08"]
[EventType "team-tourn"]
[EventRounds "11"]
[EventCountry "SVK"]
[SourceTitle "EXT 2024"]
[Source "ChessBase"]
[SourceDate "2023.10.10"]
[SourceVersion "1"]
[SourceVersionDate "2023.10.10"]
[SourceQuality "1"]
[WhiteTeam "Piestany Kupele"]
[BlackTeam "Cifer"]
[WhiteTeamCountry "SVK"]
[BlackTeamCountry "SVK"]

1. d4 Nf6 2. c4 e6 3. Nc3 Bb4 4. Qc2 c5 5. a3 Bxc3+ 6. Qxc3 b6 7. Nf3 Bb7 8. e3 0-0 9. Be2 cxd4 10. Qxd4 Nc6 11. Qc3 Rc8 12. b4 d5 13. Bb2 Ne7 14. Qb3 Ng6 15. Rd1 dxc4 16. Bxc4 Qc7 17. Be2 Bd5 18. Qa4 Ne4 19. Nd4 Nh4 20. 0-0 Nxg2 21. f3 Nxe3 22. fxe4 Bxe4 23. Qb3 Nxd1 24. Bxd1 Qd6 25. Qe3 Bg6 26. b5 Rc5 27. a4 Re5 28. Qa3 Rg5+ 29. Kh1 Be4+ 30. Bf3 Qd5 31. Qe3 Rg4 32. Rg1 Bxf3+ 33. Nxf3 Rxg1+ 34. Kxg1 Qd1+ 35. Kf2 Qxa4 0-1

[Event "SVK-chT1W 2223"]
[Site "Slovakia"]
[Date "2022.11.05"]
[Round "3.3"]
[White "Juhasz, Barbara"]
[Black "Jancovic, Peter"]
[Result "1-0"]
[WhiteElo "2206"]
[BlackElo "2310"]
[PlyCount "57"]
[EventDate "2022.10.15"]
[EventType "team-tourn"]
[EventRounds "11"]
[EventCountry "SVK"]
[SourceTitle "EXT 2024"]
[Source "ChessBase"]
[SourceDate "2023.10.10"]
[SourceVersion "1"]
[SourceVersionDate "2023.10.10"]
[SourceQuality "1"]
[WhiteTeam "Nitra NSK"]
[BlackTeam "Trnava Sered"]
[WhiteTeamCountry "SVK"]
[BlackTeamCountry "SVK"]

1. e4 c5 2. Nf3 d6 3. Bb5+ Nd7 4. d4 a6 5. Bxd7+ Qxd7 6. dxc5 dxc5 7. Qe2 Qc7 8. Nc3 e6 9. 0-0 Nf6 10. Bg5 h6 11. Bh4 Bd7 12. Rad1 Bc6 13. Nd5 Nxd5 14. exd5 Bd7 15. Ne5 Bc8 16. d6 Bxd6 17. Rxd6 Qxd6 18. Rd1 Qxd1+ 19. Qxd1 0-0 20. Be7 Re8 21. Bxc5 b6 22. Qf3 Ra7 23. Bxb6 Rb7 24. Qc6 Rf8 25. h4 Rb8 26. Bc5 Bb7 27. Qc7 Rfc8 28. Qxf7+ Kh7 29. Bd6 1-0

[Event "SVK-chT2A 2223"]
[Site "Slovakia"]
[Date "2022.10.08"]
[Round "1.1"]
[White "Jancovic, Peter"]
[Black "Bochnicka, Vladimir1111"]
[Result "0-1"]
[WhiteElo "2314"]
[BlackElo "2339"]
[PlyCount "98"]
[EventDate "2022.10.08"]
[EventType "team-tourn"]
[EventRounds "11"]
[EventCountry "SVK"]
[SourceTitle "CBM 210 Extra"]
[Source "ChessBase"]
[SourceDate "2022.11.30"]
[SourceVersion "1"]
[SourceVersionDate "2022.11.30"]
[SourceQuality "1"]
[WhiteTeam "Piestany Kupele"]
[BlackTeam "Bratislava Doprastav II"]
[WhiteTeamCountry "SVK"]
[BlackTeamCountry "SVK"]

1. d4 Nf6 2. c4 g6 3. Nc3 Bg7 4. e4 d6 5. Be2 0-0 6. Nf3 e5 7. dxe5 dxe5 8. Qxd8 Rxd8 9. Bg5 Re8 10. h3 Na6 11. 0-0 c6 12. Nd2 Nc5 13. Be3 Ne6 14. Rfc1 Nd4 15. Bf1 Nd7 16. Na4 b6 17. b4 Nf8 18. Nc3 f5 19. f3 Be6 20. a4 a5 21. b5 cxb5 22. axb5 Nd7 23. Nd5 Rac8 24. Rab1 Bf8 25. Nb3 Nxb3 26. Rxb3 Bxd5 27. exd5 e4 28. Bf4 a4 29. Rbb1 Nc5 30. Rc3 Kf7 31. g4 Bg7 32. Ra3 exf3 33. Rxf3 Re4 34. gxf5 gxf5 35. Bd6 Bd4+ 36. Kh1 Rce8 37. Rb4 Ra8 38. Ra3 Rg8 39. Rb1 Re3 40. Rxe3 Bxe3 41. Be5 f4 42. Bg2 Nd3 43. Bc7 a3 44. Ra1 f3 45. Bf1 Rg1+ 46. Kh2 f2 47. h4 Ne1 48. Rxa3 Rxf1 49. Rxe3 Rh1+ 0-1

[Event "SVK-chT1W 2122"]
[Site "Slovakia"]
[Date "2022.05.15"]
[Round "11.2"]
[White "Juhasz, Barbara"]
[Black "Jancovic, Peter"]
[Result "1/2-1/2"]
[WhiteElo "2202"]
[BlackElo "2317"]
[PlyCount "174"]
[EventDate "2021.11.06"]
[EventType "team-tourn"]
[EventRounds "11"]
[EventCountry "SVK"]
[SourceTitle "EXT 2023"]
[Source "ChessBase"]
[SourceDate "2022.10.05"]
[SourceVersion "1"]
[SourceVersionDate "2022.10.05"]
[SourceQuality "1"]
[WhiteTeam "Nitra NSK"]
[BlackTeam "Bratislava Doprastav"]
[WhiteTeamCountry "SVK"]
[BlackTeamCountry "SVK"]

1. e4 c5 2. Nf3 d6 3. Bb5+ Nd7 4. a4 a6 5. Be2 Ngf6 6. Nc3 g6 7. 0-0 Bg7 8. a5 0-0 9. d3 Nb8 10. e5 Ne8 11. exd6 exd6 12. Bg5 f6 13. Bd2 Nc6 14. Nd5 Be6 15. Nb6 Rb8 16. Re1 Nc7 17. h3 Bf7 18. Bf1 Ne6 19. Qc1 Re8 20. Bc3 d5 21. b3 Qd6 22. g3 Nc7 23. d4 Rxe1 24. Qxe1 Ne6 25. dxc5 Nxc5 26. Qd1 Rd8 27. Na4 Ne4 28. Be1 f5 29. Rb1 d4 30. Nb2 Qc7 31. Nc4 h6 32. Bd3 Nc3 33. Bxc3 dxc3 34. Ra1 Nb4 35. Ne1 Bd4 36. Qf3 Bd5 37. Qf4 Qxf4 38. gxf4 Re8 39. Kf1 Ba7 40. Rd1 Bb8 41. Ne3 Bf7 42. Bc4 Bxf4 43. Bxf7+ Kxf7 44. Nd3 Bxe3 45. Nxb4 Bd2 46. Nd3 Ke6 47. Ra1 Kd5 48. b4 Kc4 49. b5 Re6 50. Rb1 g5 51. bxa6 Rxa6 52. Rb4+ Kd5 53. Rb5+ Kc4 54. Rb4+ Kd5 55. Rb5+ Kd6 56. Rxf5 Kc7 57. Rf7+ Kb8 58. Rf5 Rd6 59. Ke2 Rd4 60. Nc5 Bf4 61. Nb3 Rd8 62. h4 Ka7 63. hxg5 hxg5 64. Rc5 Bd2 65. Re5 Rd7 66. Nc5 Rc7 67. Kd3 Rf7 68. Ne4 Ka6 69. Rd5 Be1 70. Ke2 Re7 71. Kd3 g4 72. Rg5 Re8 73. Rxg4 Kxa5 74. Rg1 Rd8+ 75. Kc4 b5+ 76. Kb3 Bd2 77. Nxc3 Rd4 78. Rg3 Rb4+ 79. Ka2 Rc4 80. Kb3 Rb4+ 81. Ka2 Rc4 82. Nd5 Rxc2+ 83. Kb1 Rc4 84. Ra3+ Ra4 85. Ka2 b4 86. Rxa4+ Kxa4 87. Nxb4 Kxb4 1/2-1/2

[Event "Skalica Rapid op"]
[Site "Skalica"]
[Date "2020.08.29"]
[Round "6"]
[White "Jancovic, Peter"]
[Black "Kubat, Pavel"]
[Result "0-1"]
[WhiteElo "2271"]
[BlackElo "2066"]
[PlyCount "56"]
[EventDate "2020.08.29"]
[EventType "swiss (rapid)"]
[EventRounds "7"]
[EventCountry "SVK"]
[SourceTitle "CBM 198 Extra"]
[Source "ChessBase"]
[SourceDate "2020.11.30"]
[SourceVersion "1"]
[SourceVersionDate "2020.11.30"]
[SourceQuality "1"]

1. d4 Nf6 2. Nf3 g6 3. g3 Bg7 4. Bg2 0-0 5. 0-0 d5 6. c4 c6 7. Nbd2 Bg4 8. Ne5 Be6 9. e3 Nbd7 10. Nxd7 Qxd7 11. c5 Bh3 12. Re1 Bxg2 13. Kxg2 h5 14. f4 h4 15. Qf3 b6 16. b4 a5 17. Ba3 axb4 18. Bxb4 bxc5 19. Bxc5 h3+ 20. Kg1 Rfb8 21. a3 Rb2 22. Rad1 Rab8 23. Bb4 Qf5 24. Bxe7 Ne4 25. Re2 Nc3 26. Rde1 Nxe2+ 27. Rxe2 Qd3 28. Qf2 Rxd2 0-1

[Event "SVK-chT2A 1920"]
[Site "Slovakia"]
[Date "2020.03.07"]
[Round "10.1"]
[White "Jancovic, Peter"]
[Black "Abel, Peter"]
[Result "1-0"]
[WhiteElo "2318"]
[BlackElo "2210"]
[PlyCount "83"]
[EventDate "2019.10.26"]
[EventType "team-tourn"]
[EventRounds "11"]
[EventCountry "SVK"]
[SourceTitle "CBM 195 Extra"]
[Source "ChessBase"]
[SourceDate "2020.05.31"]
[SourceVersion "1"]
[SourceVersionDate "2020.05.31"]
[SourceQuality "1"]
[WhiteTeam "Bratislava Slovan V"]
[BlackTeam "Piestany Kupele"]
[WhiteTeamCountry "SVK"]
[BlackTeamCountry "SVK"]

1. d4 Nf6 2. c4 c5 3. Nf3 cxd4 4. Nxd4 Nc6 5. Nc3 g6 6. e4 d6 7. Be2 Bg7 8. Be3 0-0 9. 0-0 a6 10. f3 Bd7 11. Qd2 Rc8 12. Nxc6 Bxc6 13. b4 Bd7 14. Rac1 Be6 15. Nd5 Nd7 16. a4 b6 17. Rb1 Rb8 18. a5 bxa5 19. bxa5 Rxb1 20. Rxb1 Nc5 21. Rb6 Bc8 22. Kf1 Re8 23. Bd1 Nd7 24. Ba4 Rf8 25. Rb1 Nc5 26. Bc2 Re8 27. Rb8 Qd7 28. Qb4 e6 29. Nb6 Qc7 30. Na4 Bf8 31. Qb6 Qe7 32. Nxc5 dxc5 33. e5 Rd8 34. g3 Qd7 35. Kg2 Be7 36. Kh3 f6 37. Bxc5 fxe5 38. Ba4 Bxc5 39. Bxd7 Bxb6 40. axb6 Rxd7 41. Rxc8+ Kf7 42. c5 1-0

[Event "SVK-chT2A 1920"]
[Site "Slovakia"]
[Date "2020.01.26"]
[Round "7.1"]
[White "Jancovic, Peter"]
[Black "Macka, Oto"]
[Result "1-0"]
[WhiteElo "2318"]
[BlackElo "2084"]
[PlyCount "85"]
[EventDate "2019.10.26"]
[EventType "team-tourn"]
[EventRounds "11"]
[EventCountry "SVK"]
[SourceTitle "CBM 194 Extra"]
[Source "ChessBase"]
[SourceDate "2020.03.31"]
[SourceVersion "1"]
[SourceVersionDate "2020.03.31"]
[SourceQuality "1"]
[WhiteTeam "Bratislava Slovan V"]
[BlackTeam "Bratislava Doprastav II"]
[WhiteTeamCountry "SVK"]
[BlackTeamCountry "SVK"]

1. d4 Nf6 2. c4 e6 3. g3 c5 4. Nf3 cxd4 5. Nxd4 Be7 6. Bg2 0-0 7. 0-0 d6 8. Nc3 a6 9. b3 Nbd7 10. Bb2 Qc7 11. Rc1 Re8 12. h3 Rb8 13. a4 Bf8 14. Qc2 b6 15. Rfd1 Bb7 16. e4 h5 17. Ba3 Rbc8 18. f4 Be7 19. Re1 Ba8 20. Rcd1 Nf8 21. Qe2 g6 22. Bb2 N6d7 23. Kh2 h4 24. e5 hxg3+ 25. Kxg3 dxe5 26. fxe5 Bf6 27. Bxa8 Bxe5+ 28. Kg2 Rxa8 29. Nf3 Bg7 30. Ne4 Re7 31. Ba3 Nc5 32. a5 Rc8 33. axb6 Qxb6 34. Nxc5 Rxc5 35. Bxc5 Qxc5 36. Rd8 Rb7 37. Qd3 a5 38. Ra8 Qb4 39. Rb1 Bf6 40. Qd2 Bc3 41. Qh6 Rd7 42. Kf2 Rd3 43. Ng5 1-0

[Event "SVK-chT1W 1920"]
[Site "Slovakia"]
[Date "2019.11.10"]
[Round "4.3"]
[White "Jancovic, Peter"]
[Black "Obona, Jan"]
[Result "1/2-1/2"]
[WhiteElo "2304"]
[BlackElo "2159"]
[PlyCount "37"]
[EventDate "2019.10.12"]
[EventType "team-tourn"]
[EventRounds "11"]
[EventCountry "SVK"]
[SourceTitle "CBM 193 Extra"]
[Source "ChessBase"]
[SourceDate "2020.01.31"]
[SourceVersion "1"]
[SourceVersionDate "2020.01.31"]
[SourceQuality "1"]
[WhiteTeam "Bratislava Slovan II"]
[BlackTeam "Povazska Bystrica"]
[WhiteTeamCountry "SVK"]
[BlackTeamCountry "SVK"]

1. d4 d5 2. c4 e6 3. Nc3 c6 4. Bf4 dxc4 5. e3 b5 6. a4 Qb6 7. Be2 Nf6 8. Nf3 Nbd7 9. 0-0 a5 10. Qc2 Bb7 11. Nd2 Be7 12. Bf3 0-0 13. Rfd1 Rac8 14. Bg3 Ba6 15. Nce4 Nxe4 16. Nxe4 Nf6 17. Nc5 Rfd8 18. Nxa6 Qxa6 19. h3 1/2-1/2

[Event "SVK-chT2A 1819"]
[Site "Slovakia"]
[Date "2018.11.17"]
[Round "3.1"]
[White "Farkas, Gabor"]
[Black "Jancovic, Peter"]
[Result "1/2-1/2"]
[WhiteElo "2365"]
[BlackElo "2289"]
[PlyCount "65"]
[EventDate "2018.10.13"]
[EventType "team-tourn"]
[EventRounds "11"]
[EventCountry "SVK"]
[SourceTitle "CBM 189 Extra"]
[Source "ChessBase"]
[SourceDate "2019.06.03"]
[SourceVersion "1"]
[SourceVersionDate "2019.06.03"]
[SourceQuality "1"]
[WhiteTeam "Senec"]
[BlackTeam "Bratislava Slovan V"]
[WhiteTeamCountry "SVK"]
[BlackTeamCountry "SVK"]

1. c4 Nf6 2. Nc3 b6 3. e4 Bb7 4. e5 Ne4 5. Qf3 Nc5 6. Qe3 e6 7. b4 Nca6 8. a3 c5 9. b5 Nc7 10. Ne4 d5 11. exd6 Bxd6 12. Bb2 0-0 13. Nxd6 Qxd6 14. Be5 Qd8 15. Be2 Nd7 16. Bf3 Nxe5 17. Qxe5 Bxf3 18. Nxf3 a6 19. bxa6 f6 20. Qe3 e5 21. 0-0 Ne6 22. Rfb1 Rxa6 23. Rb3 Qa8 24. Rab1 Qc6 25. d3 Rd8 26. g3 Nd4 27. Nxd4 Rxd4 28. f3 Qa8 29. f4 e4 30. dxe4 Rxe4 31. Qd3 Rd4 32. Qe2 Qe4 33. Qxe4 1/2-1/2

[Event "SVK-chT2A 1718"]
[Site "Slovakia"]
[Date "2017.11.25"]
[Round "3.2"]
[White "Matejovic, Juraj"]
[Black "Jancovic, Peter"]
[Result "0-1"]
[WhiteElo "2238"]
[BlackElo "2275"]
[PlyCount "70"]
[EventDate "2017.10.28"]
[EventType "team-tourn"]
[EventRounds "11"]
[EventCountry "SVK"]
[SourceTitle "EXT 2019"]
[Source "ChessBase"]
[SourceDate "2018.10.10"]
[SourceVersion "1"]
[SourceVersionDate "2018.10.10"]
[SourceQuality "1"]
[WhiteTeam "Gbely Nafta"]
[BlackTeam "Bratislava Slovan V"]
[WhiteTeamCountry "SVK"]
[BlackTeamCountry "SVK"]

1. e4 c5 2. Nf3 d6 3. d4 cxd4 4. Nxd4 Nf6 5. Nc3 a6 6. Bc4 e6 7. Bb3 Be7 8. Bg5 h6 9. Bh4 0-0 10. Qf3 Nbd7 11. 0-0-0 Re8 12. Rhg1 Qa5 13. g4 Ne5 14. Qe2 g5 15. Bg3 Ng6 16. Nf3 e5 17. h4 Bxg4 18. hxg5 hxg5 19. Bh2 Kg7 20. Nd5 Qb5 21. c4 Qd7 22. Nb6 Qc6 23. Nxa8 Rxa8 24. Bc2 Rh8 25. Bg3 Rc8 26. Rde1 b5 27. Qd3 bxc4 28. Qc3 Bxf3 29. Qxf3 Bd8 30. Rd1 Bb6 31. Qc3 Bc5 32. Rge1 Qb6 33. a3 a5 34. Re2 Bd4 35. Qf3 g4 0-1

[Event "SVK-chT2A 1617"]
[Site "Slovakia"]
[Date "2017.03.12"]
[Round "11.1"]
[White "Schwarz, Dusan"]
[Black "Jancovic, Peter"]
[Result "0-1"]
[WhiteElo "2303"]
[BlackElo "2211"]
[PlyCount "86"]
[EventDate "2016.10.08"]
[EventType "team-tourn"]
[EventRounds "11"]
[EventCountry "SVK"]
[SourceTitle "EXT 2018"]
[Source "ChessBase"]
[SourceDate "2017.10.13"]
[SourceVersion "1"]
[SourceVersionDate "2017.10.13"]
[SourceQuality "1"]
[WhiteTeam "Bratislava Doprastav"]
[BlackTeam "Bratislava Slovan V"]
[WhiteTeamCountry "SVK"]
[BlackTeamCountry "SVK"]

1. d4 Nf6 2. c4 e6 3. Nc3 d5 4. Bg5 Nbd7 5. e3 c6 6. Nf3 Qa5 7. cxd5 Nxd5 8. Qd2 Bb4 9. Rc1 h6 10. Bh4 0-0 11. Bd3 e5 12. 0-0 Re8 13. dxe5 Nxc3 14. bxc3 Ba3 15. Rb1 Nxe5 16. Nxe5 Qxe5 17. Be2 Be7 18. Bxe7 Qxe7 19. Qb2 b6 20. Bf3 Qc7 21. Rbd1 Ba6 22. Rfe1 Rad8 23. Qa3 Bc4 24. Rd4 Be6 25. Red1 c5 26. R4d2 Rxd2 27. Rxd2 Rd8 28. Qc1 b5 29. a3 a5 30. h3 Rxd2 31. Qxd2 Qb6 32. Be4 b4 33. cxb4 axb4 34. axb4 cxb4 35. Bb1 b3 36. Qd3 g6 37. Kh2 Qc7+ 38. g3 Qc1 39. e4 Bc4 40. Qd8+ Kh7 41. Qd4 b2 42. h4 h5 43. Qc5 Ba2 0-1

[Event "SVK-chT2A 1617"]
[Site "Slovakia"]
[Date "2017.01.21"]
[Round "7.1"]
[White "Straka, Jozef"]
[Black "Jancovic, Peter"]
[Result "1/2-1/2"]
[WhiteElo "2274"]
[BlackElo "2211"]
[PlyCount "57"]
[EventDate "2016.10.08"]
[EventType "team-tourn"]
[EventRounds "11"]
[EventCountry "SVK"]
[SourceTitle "EXT 2018"]
[Source "ChessBase"]
[SourceDate "2017.10.13"]
[SourceVersion "1"]
[SourceVersionDate "2017.10.13"]
[SourceQuality "1"]
[WhiteTeam "Devinska Nova Ves II"]
[BlackTeam "Bratislava Slovan V"]
[WhiteTeamCountry "SVK"]
[BlackTeamCountry "SVK"]

1. Nf3 Nf6 2. g3 g6 3. Bg2 Bg7 4. 0-0 0-0 5. d4 d5 6. c4 c6 7. cxd5 cxd5 8. Nc3 Nc6 9. Ne5 Qb6 10. Na4 Qb5 11. Nxc6 Qxc6 12. Bf4 Bd7 13. Nc5 b6 14. Nxd7 Qxd7 15. Qd3 Rac8 16. Rac1 Qa4 17. a3 Ne4 18. Bxe4 dxe4 19. Qxe4 Qxd4 20. Qxe7 Rce8 21. Qxa7 Rxe2 22. b4 Qb2 23. Be3 b5 24. Qa6 Re8 25. Rc8 Qe5 26. Rxe8+ Qxe8 27. Rc1 Bf8 28. Kf1 Ra2 29. Qc6 1/2-1/2

[Event "SVK-chT2A 1617"]
[Site "Slovakia"]
[Date "2016.12.03"]
[Round "5.1"]
[White "Jancovic, Peter"]
[Black "Janos, Martin"]
[Result "1-0"]
[WhiteElo "2211"]
[BlackElo "2231"]
[PlyCount "117"]
[EventDate "2016.10.08"]
[EventType "team-tourn"]
[EventRounds "11"]
[EventCountry "SVK"]
[SourceTitle "EXT 2018"]
[Source "ChessBase"]
[SourceDate "2017.10.13"]
[SourceVersion "1"]
[SourceVersionDate "2017.10.13"]
[SourceQuality "1"]
[WhiteTeam "Bratislava Slovan V"]
[BlackTeam "Bratislava Slovan IV"]
[WhiteTeamCountry "SVK"]
[BlackTeamCountry "SVK"]

1. d4 Nf6 2. c4 c5 3. Nf3 cxd4 4. Nxd4 Nc6 5. Nc3 d6 6. g3 Qb6 7. Nc2 g6 8. Bg2 Bg7 9. 0-0 Be6 10. Nd5 Bxd5 11. cxd5 Ne5 12. Be3 Qd8 13. Na3 0-0 14. Qb3 Ned7 15. h3 Qa5 16. Nc4 Qa6 17. a4 Rfc8 18. Rfc1 Nc5 19. Qb4 b6 20. Rc2 Qb7 21. Qb5 Nxd5 22. Rd2 a6 23. Bxd5 axb5 24. Bxb7 bxc4 25. Bxc5 bxc5 26. Rc1 Rcb8 27. Bxa8 Rxa8 28. Rxc4 Rb8 29. a5 Bxb2 30. a6 Ba3 31. Ra4 Bb4 32. a7 Ra8 33. Rda2 Kg7 34. Ra6 c4 35. R6a4 Bc5 36. Rxc4 Rxa7 37. Rxa7 Bxa7 38. Rc7 Bc5 39. Rxe7 h5 40. Kg2 Kf6 41. Re8 Kg7 42. f4 Bb4 43. Kf3 f5 44. g4 hxg4+ 45. hxg4 Kf7 46. Rb8 Bc5 47. Rb7+ Ke6 48. g5 Bd4 49. e3 Bc3 50. Ke2 Ba1 51. Kd3 Bh8 52. Kc4 Ba1 53. Rh7 Bb2 54. Rh6 Kf7 55. Kd5 Bc1 56. Rh7+ Kg8 57. Rh3 Ba3 58. Ke6 Kg7 59. e4 1-0

[Event "SVK-chT2A 1617"]
[Site "Slovakia"]
[Date "2016.11.05"]
[Round "3.1"]
[White "Keresztes, Richard"]
[Black "Jancovic, Peter"]
[Result "0-1"]
[WhiteElo "2208"]
[BlackElo "2211"]
[PlyCount "66"]
[EventDate "2016.10.08"]
[EventType "team-tourn"]
[EventRounds "11"]
[EventCountry "SVK"]
[SourceTitle "CBM 175 Extra"]
[Source "ChessBase"]
[SourceDate "2016.12.12"]
[SourceVersion "1"]
[SourceVersionDate "2016.12.12"]
[SourceQuality "1"]
[WhiteTeam "Potonska Veza"]
[BlackTeam "Bratislava Slovan V"]
[WhiteTeamCountry "SVK"]
[BlackTeamCountry "SVK"]

1. d4 Nf6 2. c4 e6 3. Nc3 d5 4. Nf3 Be7 5. Bg5 0-0 6. e3 Nbd7 7. Bd3 h6 8. Bxf6 Nxf6 9. c5 b6 10. b4 a5 11. a3 Ba6 12. 0-0 Bxd3 13. Qxd3 Nd7 14. Qb5 Qc8 15. Qe2 Qb7 16. Rfc1 c6 17. Rab1 axb4 18. axb4 Ra7 19. e4 Bf6 20. exd5 exd5 21. Nxd5 cxd5 22. c6 Qc7 23. cxd7 Qxd7 24. b5 Rc8 25. Rxc8+ Qxc8 26. h3 Ra4 27. Qe3 Qe6 28. Qxe6 fxe6 29. Rc1 Bxd4 30. Nxd4 Rxd4 31. Rc6 Kf7 32. Rxb6 Rb4 33. Kf1 Kf6 0-1